The best ABBA collection : Thanhk you for the music
Nội dung sách bao gồm 18 ca khúc nổi tiếng của nhóm ABBA.
Gardado en:
| Formato: | Libro |
|---|---|
| Idioma: | Undetermined |
| Publicado: |
Tp.Hồ Chí Minh
Trẻ
2004
|
| Những chủ đề: | |
| Các nhãn: |
Engadir etiqueta
Sen Etiquetas, Sexa o primeiro en etiquetar este rexistro!
|
| Thư viện lưu trữ: | Trung tâm Học liệu Trường Đại học Cần Thơ |
|---|
| LEADER | 00614nam a2200181Ia 4500 | ||
|---|---|---|---|
| 001 | CTU_141808 | ||
| 008 | 210402s9999 xx 000 0 und d | ||
| 082 | |a 781.63 | ||
| 082 | |b B561/Vol.1 | ||
| 245 | 4 | |a The best ABBA collection : | |
| 245 | 0 | |b Thanhk you for the music | |
| 260 | |a Tp.Hồ Chí Minh | ||
| 260 | |b Trẻ | ||
| 260 | |c 2004 | ||
| 520 | |a Nội dung sách bao gồm 18 ca khúc nổi tiếng của nhóm ABBA. | ||
| 650 | |a Songs, english,Popular music,Nhạc tiếng Anh,Nhạc nổi tiếng | ||
| 904 | |i Tuyến | ||
| 980 | |a Trung tâm Học liệu Trường Đại học Cần Thơ | ||